¡Cu - cut! : [setmanari de gresca amb ninots] [setmanari de gresca amb ninots]
Descripción Física:
5 vols. enquadernats ; 28 cm ; il. ; periodicitat: setmanal
MARC
| LEADER | 00000nas a2200000 a 4500 | ||
|---|---|---|---|
| 001 | 14484, 14485, 14486, 14487, 14488 | ||
| 003 | Arxiu | ||
| 005 | 20260324181046.0 | ||
| 008 | 160829s9999 xx 000 0 cat d | ||
| 040 | |a agdb | ||
| 245 | |a ¡Cu - cut! : |b [setmanari de gresca amb ninots] | ||
| 260 | |a Barcelona : |b [s.n.] ; |c [1902 - 1914] | ||
| 300 | |a 5 vols. enquadernats ; |c 28 cm ; |b il. ; periodicitat: setmanal | ||
| 310 | |a Setmanal | ||
| 362 | |a Any 1, núm. 1 (2 gen. 1902)-any 11, núm. 518 (25 abr. 1912) ; any 2, núm. 1-31 (1913-1914) | ||
| 590 | |a Setmanal, surt els dijous. | ||
| 590 | |a Descripció basada en Any 1, núm. 2 (9 janer 1902). | ||
| 590 | |a La 1a època és dirigida per Josep Baguñà ; ed. literari: M. Folch i Torres ; dir. artístic: G. Cornet. | ||
| 590 | |a Portada il., diferent a cada núm. | ||
| 590 | |a Estat de conservació de la col·lecció: volums incomplets, algunes pàgines deteriorades i alguns números enquadernats desordenadament. | ||
| 590 | |a Disponible a través d'Internet a: http://www.bnc.cat/digital/arca/index.html | ||
| 650 | |a Humorisme gràfic català |x Revistes |9 36752 | ||
| 866 | |a Any 1 (1920): núms. 2, 6-7, 9, 11-12, 14-15, 17-21, 23-24, 26, 29-37, 39, 42, 44-52 | ||
| 866 | |a Any 2 (1903) : núms. 71-73, 95 ; Any 3 (1904): núms. 127, 136 | ||
| 866 | |a Any 3 (1904): núms. 127, 136 | ||
| 866 | |a Any 4 (1905): núms. 158, 161-179, 181-204 | ||
| 866 | |a Any 5 (1906): núms. 206-232, 234-240 | ||
| 866 | |a Any 6 (1907): núms. 241-243, 247, 250-252, 256, 261-266, 269-277, 279-282 | ||
| 866 | |a Any 7 (1908): núm. 301 | ||
| 901 | |a Arxiu | ||
| 942 | |n 1 |2 udc |c REV | ||
| 952 | |0 0 |1 0 |2 udc |4 0 |7 1 |9 47478 |a Arxiu |b Arxiu |d 2016-12-01 |h Any 1 (1920): núms. 2, 6-7, 9, 11-12, 14-15, 17-21, 23-24, 26, 29-37, 39, 42, 44-52 |o Rev-220 |p 14484 |r 2016-12-01 00:00:00 |w 2016-12-01 |y ARXIU | ||
| 952 | |0 0 |1 0 |2 udc |4 0 |7 1 |9 63460 |a Arxiu |b Arxiu |d 2022-08-16 |h Any 2 (1903) : núms. 71-73, 95 ; Any 3 (1904): núms. 127, 136 ; Any 5 (1906): núms. 209-210, 214, 216, 220-226, 234, 236, 240 ; Any 6 (1907): núms. 241-243, 247 ; Any 7 (1908): núm. 301 |o Rev-221 |p 14485 |r 2022-08-16 00:00:00 |w 2022-08-16 |y ARXIU |z L'enquadernació no segueix l'ordre cronològic de publicació | ||
| 952 | |0 0 |1 0 |2 udc |4 0 |6 REV222 |7 1 |9 63461 |a Arxiu |b Arxiu |d 2022-08-16 |h Any 4 (1905): núms. 158, 161-179, 181-204 |l 0 |o Rev-222 |p 14486 |r 2022-08-16 00:00:00 |w 2022-08-16 |y ARXIU | ||
| 952 | |0 0 |1 0 |2 udc |4 0 |6 REV223 |7 1 |9 63462 |a Arxiu |b Arxiu |d 2022-08-16 |h Any 5 (1906): núms. 206-208, 210-227, 229-232, 234-240 |l 0 |o Rev-223 |p 14487 |r 2022-08-16 00:00:00 |w 2022-08-16 |y ARXIU | ||
| 952 | |0 0 |1 0 |2 udc |4 0 |6 REV224 |7 1 |9 63463 |a Arxiu |b Arxiu |d 2022-08-16 |h Any 4 (1905): núm. 194 ; Any 5 (1906): núms. 227-228, 230, 237 ; Any 6 (1907): núms. 250-252, 256, 261-266, 269-277, 279-282 |l 0 |o Rev-224 |p 14488 |r 2022-08-16 00:00:00 |w 2022-08-16 |y ARXIU |z L'enquadernació no segueix l'ordre cronològic de publicació | ||
| 999 | |c 51277 |d 51277 | ||
| 655 | |a Revistes |9 55823 | ||